|
|
|
|
| LEADER |
01182nab a2200241 i 4500 |
| 001 |
misc62395 |
| 005 |
20231026113256.0 |
| 008 |
230608s1957 hu o 0|| eng d |
| 040 |
|
|
|a SZTE Miscellanea Repozitórium
|b hun
|
| 041 |
|
|
|a eng
|
| 100 |
2 |
|
|a Róna-Tas András
|
| 245 |
1 |
0 |
|a F. W. Thomas, Ancient folk-literature from North-Eastern Tibet
|h [elektronikus dokumentum] :
|b introduction, texts, translations and notes. Abhandlungen der Deutschen Akademie der Wissenschaften zu Berlin : Klasse für Sprachen, Literatur und Kunst Akademie Verlag, Berlin, Jg. 1952/3. : review /
|c Róna-Tas András
|
| 260 |
|
|
|c 1957
|
| 300 |
|
|
|a 320-325
|c 25 cm
|
| 300 |
|
|
|a [6] p.
|c 25 cm
|
| 490 |
0 |
|
|a Acta Orientalia Academiae Scientiarum Hungaricae;Acta Orientalia Academiae Scientiarum Hungaricae : a Magyar Tudományos Akadémia orientalisztikai közleményei
|
| 561 |
|
|
|a Németh Gyula hagyaték
|
| 591 |
|
|
|a LOT 3176; NOT 4993
|
| 650 |
|
4 |
|a Bölcsészettudományok
|
| 650 |
|
4 |
|a Nyelvek és irodalom
|
| 695 |
|
|
|a Tibeti irodalom története - könyvismertetés
|
| 700 |
0 |
1 |
|a Thomas Frederick William
|
| 856 |
4 |
0 |
|u http://misc.bibl.u-szeged.hu/62395/1/4993_noz.pdf
|z Dokumentum-elérés
|